Histórias da terra e do mar (Registo nº 3292)

Detalhes MARC
000 -Etiqueta do registo
Cabeçalho 00797nam a22002891 4500
005 - Identificador da versão
Campo de controlo 20240813121958.0
095 ## -
-- PTBN00778210
010 ## - Número internacional normalizado dos livros (ISBN)
Número (ISBN) 9724701131
021 ## - Número do Depósito Legal
Código do país PT
Número 176115/02
100 ## - Dados gerais de processamento
Dados gerais de processamento 20040920d2003 de y0pory5003 ba
102 ## - Pais de publicação ou produção
País de publicação Portugal
101 0# - Língua de publicação
Língua do texto, banda sonora, etc. Português
106 ## - Campo de dados codificados: material textual
Dados codificados do material textual r
105 ## - Campo de dados codificados: livros
Dados codificados dos livros y z 001fy
215 ## - Descrição física 
Indicação específica da natureza do documento e extensão da espécie 117 p.
Dimensões 23 cm
200 1# - Titulo e menção de responsabilidade
Título próprio Histórias da terra e do mar
Primeira menção de responsabilidade Sophia de Mello Breyner Andresen
225 2# - Colecção 
Título próprio da colecção Literatura
205 ## - Menção da edição
Menção da edição 21ª ed
210 ## - Publicação, Distribuição, etc. 
Lugar da edição, distribuição, etc. Lisboa
Nome do editor, distribuidor, etc. Texto Editora
Data da publicação, distribuição, etc. 2003
606 ## - Nome comum usado como assunto
Número de registo de entrada de autoridade 0000364
Palavra de ordem Literatura portuguesa infanto-juvenil
Subdivisão de assunto Conto
675 ## - Classificação Decimal Universal (CDU)
Notação 821.134.3-34
Edição
Língua da edição por
700 #1 - Nome de autor-pessoa física (responsabilidade principal)
Número de registo de entrada de autoridade 0000013
Palavra de ordem Andresen
Outra parte do nome não tomada para palavra de ordem Sophia de Mello Breyner
Datas 1919-2004
942 ## - Elementos de entrada adicionados (Koha)
Tipo de item no Koha Livro
Exemplares
Situação do levantamento Origin of item (home branch) (coded) Biblioteca de empréstimo Código de barras Cota Circulation type (not for loan) Tipo de documento Nota do exemplar Damaged status
  Biblioteca Escolar da Coca Maravilhas Biblioteca Escolar da Coca Maravilhas BECM6522/04 8POR AND   Livro Sem mensagem